Výsledky konjunkturálneho prieskumu vo vnútornom obchode - marec 1997

Salvato in:
Dettagli Bibliografici
Natura: Libro
Lingua:slovacco
Pubblicazione: Bratislava Štatistický úrad Slovenskej republiky 1997
Soggetti:
Tags: Aggiungi Tag
Nessun Tag, puoi essere il primo ad aggiungerne!!

MARC

LEADER 00000nam a2200000 4500
001 c018271
005 20260223094133.6
041 0 |a slo 
044 |a SK 
245 1 0 |a Výsledky konjunkturálneho prieskumu vo vnútornom obchode - marec 1997 
264 1 |a Bratislava  |b Štatistický úrad Slovenskej republiky  |c 1997 
300 |a 5 s. 
610 2 0 |a Slovensko 
610 2 0 |a obchod vnútorný